| 000 | 00659nam a2200229 a 4500 | ||
|---|---|---|---|
| 001 | 55582 | ||
| 003 | BD-RjUL | ||
| 005 | 20211209080302.0 | ||
| 008 | 161120s1959 bg abf b 001 0 eng | ||
| 035 | _a(BD-RjUL)55705 | ||
| 040 |
_aDLC _cDLC _dDLC _dBD-RjUL _beng |
||
| 041 | _aeng | ||
| 082 | 0 | 0 |
_a330.9 _bKHI 1959 _223 |
| 100 | 1 |
_aKhan, Fazle Karim _910145 |
|
| 245 | 1 | 3 |
_aAn introduction to economic geography / _cFazle Karim Khan |
| 250 | _a3rd ed. | ||
| 260 |
_aDacca : _bNew Age Publications _c1959 |
||
| 300 |
_av, 599p. : _bill. ; _c23 cm. |
||
| 504 | _aIncludes Bibliographical References | ||
| 650 | 0 |
_aEconomic geography. _97860 |
|
| 942 |
_2ddc _cBK |
||
| 999 |
_c55582 _d55582 |
||